| 000 | 00664nam a22002057a 4500 | ||
|---|---|---|---|
| 005 | 20180803165522.0 | ||
| 008 | 131205b1998 ck ||||| |||| 00| 0 spa d | ||
| 040 |
_aCO-BoIAVH _cCO-BoIAVH |
||
| 041 | _aspa | ||
| 044 | _ack | ||
| 090 |
_aLB _b05845 |
||
| 110 | 1 |
_aColombia _bMinisterio del Medio Ambiente _952330 |
|
| 245 | 0 | 0 |
_aBases para una política nacional de población y medio ambiente : _bdocumento preliminar para discusión interna |
| 260 |
_aBogotá _bMinisterio del Medio Ambiente _c1998 |
||
| 300 |
_a76 p. _c28 cm. |
||
| 500 | _aDocumento preliminar | ||
| 650 | 6 |
_aBiodiversidad _992204 |
|
| 650 | 6 |
_aPolítica ambiental _992286 |
|
| 942 |
_2z _cINFORME |
||
| 999 |
_c8022 _d8022 |
||